00857cam a22002411 450000100060000000300080000600500170001400800410003103500190007204000320009104100080012308200240013110000330015524500580018826000480024630000360029449000600033050400190039065000310040994200120044099900170045295201460046917843BD-RjUL20211209000212.0140219s1968 enka 001 0 eng d a(BD-RjUL)17901 aDLCcDLCdDLCdBD-RjULbeng aeng00a604.2bHIM 1968 V-21 aHicks, George Albert.95506310aModern technical drawing /cby G. A. Hicks.nVolume 2 aOxford ;aNew York ;bPergamon Press,c1968 avii,162p. : billus. ;c29 cm.0 aCommonwealth and international library. C.S.E. division aIncludes Index 0aMechanical drawing.939731 2ddccBK c17843d17843 00102ddc40718NFICaRUCLbRUCLcReadingd1991-10-21eBritsh Council. giftl0o604.2 HIM 1968 V-2r2014-02-19 00:00:00tC-1w2014-02-19yBK